| 000 | 00814nam a22002777a 4500 | ||
|---|---|---|---|
| 003 | OSt | ||
| 005 | 20260424141246.0 | ||
| 007 | ta | ||
| 008 | 260424b bl ||||| |||| 00| 0 por d | ||
| 020 |
_a9788586871658 _q(encad.) |
||
| 040 |
_bpor _cOSt |
||
| 041 | 1 |
_apor _heng |
|
| 082 |
_a741.074 _bM684m |
||
| 210 | _2Mitologia por procuração | ||
| 240 | _aMythologies by proxy | ||
| 245 | 1 | 0 | _aMitologia por procuração / |
| 260 |
_aSão Paulo : _bMuseu de Arte Moderna de São Paulo, _c2013. |
||
| 300 |
_a157 p. : _bil. ; _c21 cm |
||
| 650 | 0 | 4 | _aMuseu de Arte Moderna de São Paulo |
| 650 | 0 | 4 | _aColeção |
| 650 | 0 | 4 | _aArte contemporânea séculos XX e XXI |
| 650 | 0 | 4 | _aBrasil |
| 700 | 1 |
_aMazzucchelli, Kiki _91143 _ecuradoria |
|
| 700 | 1 |
_aFrancisco, Adriana _9608 _etradutor |
|
| 942 |
_2ddc _cLIV _n0 |
||
| 999 |
_c835 _d835 |
||